History Quiz

Random History or Politics Quiz

Women in Government Quiz Stats

 Plays Quiz Updated Mar 1, 2021

Support Sporcle.
Go Orange.
Score 0/25 Timer 06:00
0 Plays Today
Rank Country % Correct
7Sweden
90.7%
14Norway
86.7%
11Finland
85.3%
16Spain
83.7%
25Denmark
79.9%
6Mexico
78.9%
18Argentina
70%
12South Africa
69.8%
23Portugal
67.2%
5New Zealand
67%
21Switzerland
65.9%
20Belgium
65.3%
24Austria
56.8%
Rank Country % Correct
2Cuba
52.6%
10Bolivia
42.7%
9Andorra
40%
1Rwanda
36.9%
13Costa Rica
32.1%
4Nicaragua
31.3%
15Namibia
23.6%
3United Arab Emirates
23.5%
17Senegal
21.1%
19Mozambique
20.2%
22Belarus
19.8%
8Grenada
18.6%

From the Vault

Blackboard Blitz: Batman Villains

by goc3

Some men just want to watch the world learn.
Remove Ads.
Support Sporcle.
Get the best of Sporcle when you Go Orange. This ad-free experience offers more features, more stats, and more fun while also helping to support Sporcle. Thank you for becoming a member.

Show Comments

Extras

Top Quizzes Today


Score Distribution

Your Account Isn't Verified!

In order to create a playlist on Sporcle, you need to verify the email address you used during registration. Go to your Sporcle Settings to finish the process.

Report this User

Report this user for behavior that violates our Community Guidelines.

Details: